| 000 | 01085nam a22003017a 4500 | ||
|---|---|---|---|
| 001 | BR8100608 | ||
| 003 | BR-BrBNA | ||
| 005 | 20230928090913.0 | ||
| 007 | ta | ||
| 008 | 230509b bl.||||| |||| 00| 0 por d | ||
| 040 |
_aBR-BrBNA _bpor _cBiblioteca Nacional de Agricultura |
||
| 041 | _a(Por) | ||
| 072 |
_aF00; E70; E15 _b3575 _b/G514 |
||
| 090 | _ 3575 BR8100608 | ||
| 110 | 1 |
_aSecretaria Nacional de Producao Agropecuaria, Brasilia, DF (Brasil). Secretaria de Producao Vegetal. Coordenadoria de Sementes e Mudas _99240 |
|
| 245 | 1 | _aPrograma nacional para incremento da producao e utilizacao de sementes melhoradas 1980/84 [Comercializacao; Brasil] | |
| 246 | 1 | _a[National programme for production increment and utilization of improved seeds 1980/84 [Marketing; Brazil]] | |
| 260 | 3 |
_aBrasilia, DF (Brasil): _c1980. |
|
| 300 | _a47 p. | ||
| 650 | _aProducao vegetal | ||
| 650 | _aComercializacao | ||
| 650 | _aMicroeconomia | ||
| 650 | _aSemente | ||
| 650 | _aCredito agricola | ||
| 650 | _aSelecao genetica | ||
| 909 |
_a202309 _bLucia _c55 _dLucia Elande |
||
| 942 | _cBK | ||
| 999 |
_c31191 _d31191 |
||